000 00576nam a22002057a 4500
008 151001b xxu||||| |||| 00| 0 eng d
020 _a9780618938735 (hbk.)
020 _a0618938737 (hbk.)
041 0 _aeng
080 _a336
100 1 _aGarman, E. Thomas.
245 1 0 _aPersonal finance /
_cE. Thomas Garman, Raymond E. Forgue.
250 _a9th ed.
260 _aBoston, MA :
_bHoughton Mifflin Co.,
_c2008.
300 _a1 v. (various pagings) :
_bme il.;
_c27 cm.
650 0 _aFinanca
650 0 _aPersonale
700 1 _aForgue, Raymond E.
942 _2udc
_cBK
999 _c1209
_d1209